| 000 | 00764nam a2200205 4500 | ||
|---|---|---|---|
| 001 | 111219 | ||
| 003 | ES-MaACL | ||
| 005 | 20250824063040.0 | ||
| 007 | t| | ||
| 008 | 061121s1915 sp r ||||1| spa d | ||
| 100 | 0 |
_aO'Leary, Daniel Florencio, _d1800-1854 _986340 |
|
| 245 | 1 | 0 |
_aBolívar y la emancipación de Sur-América _b: Memorias del General O'Leary traducidas del inglés por su hijo Simón B. O'Leary / _cDaniel Florencio O'Leary ; traducción de Simón B. O'Leary. |
| 260 |
_aMadrid : _bSociedad Española de Librería, _c[1915?] |
||
| 300 |
_a2v. ; _c22 cm. |
||
| 490 | 1 | _aBiblioteca ayacucho | |
| 700 | 1 |
_aO'Leary, Simón B. _986343 |
|
| 830 | 0 |
_aBiblioteca ayacucho _9177888 |
|
| 852 |
_aES-MaACL _jF-848-49 |
||
| 999 |
_c111219 _d111219 |
||